Ekspertnyje sistemy Principy raboty i primery
Gespeichert in:
| 1. Verfasser: | |
|---|---|
| Format: | Buch |
| Sprache: | Russisch |
| Veröffentlicht: |
Moskva
Radio i svjaz'
1987
|
| Ausgabe: | 1. izd. |
| Schriftenreihe: | Kibernetika
|
| Tags: |
Keine Tags, Fügen Sie das erste Tag hinzu!
|
MARC
| LEADER | 00000nam a2200000 4500 | ||
|---|---|---|---|
| 001 | c029241 | ||
| 005 | 20250221093029.0 | ||
| 041 | 0 | |a rus | |
| 044 | |a RU | ||
| 245 | 1 | 0 | |a Ekspertnyje sistemy |b Principy raboty i primery |c Richard Forsyth ; [Z angl. prel.] S.I. Rudakova |
| 250 | |a 1. izd. | ||
| 264 | 1 | |a Moskva |b Radio i svjaz' |c 1987 | |
| 300 | |a 220 s. | ||
| 490 | 1 | |a Kibernetika | |
| 830 | 0 | |a Kibernetika | |
| 100 | 1 | |a Forsyth, Richard | |